000
00241nam a22001097a 4500
999
_c
532186
_d
532186
040
_c
DLC
100
_a
G.E.Petts
_9
25527
245
_a
Florial Hydrosystems
260
_a
London
_b
Chapman and Hall
_c
c1996
300
_a
p;322
942
_2
ddc
_c
BK